000 00316nam a22001337a 4500
003 OSt
005 20160727222421.0
008 160628b xxu||||| |||| 00| 0 eng d
040 _cTEST
100 _91284
_aScience and Invention
245 _aScience and Invention
300 _aScience and Invention
942 _2ddc
_cBK
999 _c1051
_d1051